| 000 | 01149nam0a2200325 i 4500 | ||
|---|---|---|---|
| 001 | RU\NLR\BIBL_A\010972442 | ||
| 005 | 20241115075352.0 | ||
| 010 |
_a9785987121788 _91000 |
||
| 035 | _a(NILC)LIBNET\0000594540 | ||
| 035 | _a(NLR Aleph) 010972442 | ||
| 090 |
_a10829914 _c10829914 |
||
| 100 | _a20160205d2015 um y0rusy50 ca | ||
| 101 | 0 | _arus | |
| 102 | _aRU | ||
| 105 | _ay|||z|||000zy | ||
| 200 | 1 |
_aВидимый и невидимый мир в киноискусстве _fР. М. Перельштейн |
|
| 210 |
_aМосква _aСанкт-Петербург _cЦентр гуманитарных инициатив _d2015 |
||
| 215 |
_a206, [1] с. _d22 |
||
| 225 | 1 | _aHumanitas | |
| 320 | _aБиблиогр. в примеч.: с. 190-192 | ||
| 320 | _aУказ. имен: с. 196-205 | ||
| 606 |
_aКиноискусство _92541354 _3RU\NLR\AUTH\661504505 |
||
| 686 | 1 | _aЩ37 | |
| 686 | 1 | _aЮ802.453.7 | |
| 700 | 1 |
_aПерельштейн _bР. М. _gРоман Максович |
|
| 801 | 0 |
_aRU _bТюменская ОНБ _c20151015 _grcr |
|
| 942 | _cBOOK | ||
| 980 | _aNBR | ||